Statistics for Lord of the Rings Flags

Click here to take the quiz!

General Stats

  • This quiz has been taken 110 times
    (6 since last reset)
  • The average score is 6 of 8

Answer Stats

Answer% Correct
Gondor
100%
Isengard
100%
Mordor
100%
Rohan
100%
Shire
60%
Dol Amroth
40%
Erebor
40%
Harad
40%

Score Distribution

Percentile by Number Answered

Percent of People with Each Score

Your Score History

You have not taken this quiz since the last reset